Did The Atlanta Falcons Have A Winning Record That Year? - Statistics

General Stats
  • This quiz has been taken 14 times
  • The average score is 20 of 57
Answer Stats
Question Answer % Correct
1966-1967 Losing
75%
2013-2014 Losing
75%
2018-2019 Losing
75%
2019-2020 Losing
75%
2020-2021 Losing
75%
2021-2022 Losing
75%
2022-2023 Losing
75%
2016-2017 Winning
75%
1967-1968 Losing
50%
1968-1969 Losing
50%
1969-1970 Losing
50%
1970-1971 Losing
50%
1974-1975 Losing
50%
1975-1976 Losing
50%
1976-1977 Losing
50%
1983-1984 Losing
50%
2007-2008 Losing
50%
1978-1979 Winning
50%
2010-2011 Winning
50%
2011-2012 Winning
50%
2012-2013 Winning
50%
1981-1982 Losing
25%
1984-1985 Losing
25%
1985-1986 Losing
25%
1986-1987 Losing
25%
1987-1988 Losing
25%
1988-1989 Losing
25%
1989-1990 Losing
25%
1992-1993 Losing
25%
1993-1994 Losing
25%
1994-1995 Losing
25%
1996-1997 Losing
25%
1997-1998 Losing
25%
1999-2000 Losing
25%
2000-2001 Losing
25%
2001-2002 Losing
25%
2003-2004 Losing
25%
2006-2007 Losing
25%
2014-2015 Losing
25%
2015-2016 Neither
25%
1973-1974 Winning
25%
1980-1981 Winning
25%
1982-1983 Winning
25%
1995-1996 Winning
25%
1998-1999 Winning
25%
2002-2003 Winning
25%
2004-2005 Winning
25%
2008-2009 Winning
25%
2009-2010 Winning
25%
2017-2018 Winning
25%
1979-1980 Losing
0%
1990-1991 Losing
0%
1972-1973 Neither
0%
1977-1978 Neither
0%
2005-2006 Neither
0%
1971-1972 Winning
0%
1991-1992 Winning
0%
No matching quizzes found
Score Distribution
Percent of People with Each Score
Percentile by Number Answered
Your Score History
You have not taken this quiz